[Event "Mexico City Estelar Anniv-C 1st"]
[Site "Mexico City"]
[Date "2014.03.07"]
[Round "1"]
[White "Delgado Ayala, Maria Adriana"]
[Black "Garcia Torres, Francisco"]
[Result "1/2-1/2"]
[WhiteElo "1830"]
[BlackElo "1838"]
[PlyCount "106"]
[EventDate "2014.03.07"]
[EventType "tourn"]
[EventRounds "5"]
[EventCountry "MEX"]
[SourceTitle "EXT 2018"]
[Source "ChessBase"]
[SourceDate "2017.10.13"]
[SourceVersion "1"]
[SourceVersionDate "2017.10.13"]
[SourceQuality "1"]

1. c4 Nf6 2. Nc3 g6 3. g3 Bg7 4. Bg2 0-0 5. Rb1 c5 6. a3 e6 7. e4 Nc6 8. Nge2 Ne5 9. d3 b6 10. f4 Nc6 11. 0-0 Bb7 12. h3 d6 13. g4 Nd7 14. f5 Nd4 15. Nxd4 Bxd4+ 16. Kh1 exf5 17. gxf5 Bg7 18. Nd5 Bxd5 19. cxd5 Qh4 20. Rf4 Qg3 21. Rf3 Qh4 22. Rf4 Qe7 23. Qf1 Be5 24. Rf3 Bg7 25. Be3 Be5 26. Bh6 Rfe8 27. Qf2 g5 28. f6 Bxf6 29. Rf1 Bd4 30. Qg3 f6 31. h4 Qe5 32. hxg5 Qxg3 33. Rxg3 Be5 34. gxf6+ Bxg3 35. f7+ Kh8 36. Bh3 Ne5 37. fxe8Q+ Rxe8 38. Be6 Bh4 39. Rg1 Bf6 40. Rg3 Ng6 41. Bf7 Rd8 42. Bxg6 hxg6 43. Rxg6 Bxb2 44. Bg5 Rd7 45. a4 Rg7 46. Rxg7 Bxg7 47. Bd8 Be5 48. Kg2 Kg7 49. Kf3 Kg6 50. Kg4 Bh2 51. Bc7 Be5 52. Bd8 Bh2 53. Bc7 Be5 1/2-1/2

[Event "Mexico City Garritas-B 02nd"]
[Site "Mexico City"]
[Date "2014.02.26"]
[Round "5"]
[White "Garcia Torres, Francisco"]
[Black "Alarcon Morales, Alicia"]
[Result "1/2-1/2"]
[WhiteElo "1857"]
[BlackElo "1608"]
[PlyCount "92"]
[EventDate "2014.02.24"]
[EventType "tourn"]
[EventRounds "5"]
[EventCountry "MEX"]
[SourceTitle "EXT 2018"]
[Source "ChessBase"]
[SourceDate "2017.10.13"]
[SourceVersion "1"]
[SourceVersionDate "2017.10.13"]
[SourceQuality "1"]

1. e4 c5 2. Nf3 d6 3. d4 cxd4 4. Nxd4 Nf6 5. Nc3 g6 6. Bc4 Bg7 7. Be3 0-0 8. f3 Nc6 9. Nxc6 bxc6 10. Qd2 a5 11. 0-0 Rb8 12. Rab1 Bb7 13. Rfd1 Qc7 14. Bh6 Rfd8 15. Bxg7 Kxg7 16. Qg5 d5 17. Bd3 d4 18. Ne2 e5 19. g4 c5 20. Ng3 Bc8 21. b3 h6 22. Qd2 Be6 23. g5 hxg5 24. Qxg5 Rh8 25. Nf5+ Bxf5 26. exf5 e4 27. Be2 Qxh2+ 28. Kf1 Qh1+ 29. Qg1 exf3 30. Qxh1 Rxh1+ 31. Kf2 Ne4+ 32. Kxf3 Rxd1 33. Rxd1 Nc3 34. Rg1 Re8 35. Bd3 Re3+ 36. Kf2 Ne4+ 37. Bxe4 Rxe4 38. fxg6 fxg6 39. Rg5 Rf4+ 40. Ke2 Rf5 41. Rg3 Kf6 42. Rg2 Rg5 43. Rf2+ Rf5 44. Rg2 Rg5 45. Rf2+ Rf5 46. Rg2 Rg5 1/2-1/2